000 00486nam a2200133 a 4500
008 120416s9999 ||||||||||||||||| || u
050 _aNA 6821 Edu
245 1 0 _aSchool stages
246 _aThe Educational Drama Association
260 _aBirmingham
_bEducational Drama Association
_c
300 _a11p. : ill.
350 _a0.00
995 _D0.00
_FCBU-MAIN LIBRARY (Kitwe)
_H1
_I0.00
_M1
_UAVAILABLE
_ZAnnex Low-Usage Collection
999 _c57062
_d57062